|
|
|
|
| LEADER |
00975Cjm#a2200241#a#4500 |
| 001 |
022421 |
| 005 |
20160707145929.0 |
| 008 |
110215s2003 ag |||eg#i | u spa d |
| 040 |
|
|
|a AR-BeUNQ
|
| 082 |
0 |
4 |
|a 785
|2 21
|
| 100 |
1 |
|
|a Zubillaga, Luis
|d (1928-1995)
|
| 245 |
1 |
3 |
|a Música de cámara y sinfónica
|c Luis Zubillaga.
|h [grabación sonora] /
|n 2 /
|
| 260 |
|
|
|a Buenos Aires :
|b Cosentino,
|c p2002.
|
| 300 |
|
|
|a 1 CD ROM (58 min.) :
|b digital, estéreo ;
|c 4 3/4 plg.
|
| 505 |
0 |
|
|a Trompetas en septiembre (11:14) -- Una vez... (05:59) -- Oct.'90 (05:48) -- Escena (II) 07:50) -- Nadas vacías (04:05) -- Bue. 93 (05:37) -- Haiku (04:32) -- Cuando estamos, cuando no estamos (06:27) -- Hoy, piano (06:08)
|
| 942 |
|
|
|c CD
|n 0
|
| 650 |
|
7 |
|a Música
|2 spines
|
| 653 |
|
|
|a Música contemporánea
|
| 653 |
|
|
|a Música de cámara
|
| 653 |
|
|
|a CD-Audio
|
| 929 |
|
|
|a DONACION
|b Martín Liut
|d 0
|e 20100318
|f PAT0034391
|g 1502 Exp. 827-0387/98
|j 45810
|
| 999 |
|
|
|c 3208
|d 78595
|